Tribhuvan University Central Library

Microbiology for the health sciences (Record no. 16092)

MARC details
000 -LEADER
fixed length control field 006410000a22002650004500
082 ## - DEWEY DECIMAL CLASSIFICATION NUMBER
Classification number 616.01
Item number J483m
020 ## - INTERNATIONAL STANDARD BOOK NUMBER
International Standard Book Number 0-13-251464-8
041 ## - LANGUAGE CODE
Language code of text/sound track or separate title Eng
100 ## - MAIN ENTRY--PERSONAL NAME
Personal name Jensen, Marcus M.
100 ## - MAIN ENTRY--PERSONAL NAME
Personal name Wright, Donald M.
100 ## - MAIN ENTRY--PERSONAL NAME
Personal name Robinson, Richard A.
245 ## - TITLE STATEMENT
Title Microbiology for the health sciences
250 ## - EDITION STATEMENT
Edition statement 4th edn.
260 ## - PUBLICATION, DISTRIBUTION, ETC. (IMPRINT)
Place of publication, distribution, etc New Jersey
Name of publisher, distributor, etc Prentice Hall, USA
260 ## - PUBLICATION, DISTRIBUTION, ETC. (IMPRINT)
Date of publication, distribution, etc 1997
300 ## - PHYSICAL DESCRIPTION
Extent xxiv,530p.
Other physical details illus
518 ## - DATE/TIME AND PLACE OF AN EVENT NOTE
Date/time and place of an event note 990106
530 ## - ADDITIONAL PHYSICAL FORM AVAILABLE NOTE
Additional physical form available note M
650 ## - SUBJECT ADDED ENTRY--TOPICAL TERM
Topical term or geographic name as entry element Microbiology
650 ## - SUBJECT ADDED ENTRY--TOPICAL TERM
Topical term or geographic name as entry element Health
650 ## - SUBJECT ADDED ENTRY--TOPICAL TERM
Topical term or geographic name as entry element Medicine
650 ## - SUBJECT ADDED ENTRY--TOPICAL TERM
Topical term or geographic name as entry element Staphylococcal infections
650 ## - SUBJECT ADDED ENTRY--TOPICAL TERM
Topical term or geographic name as entry element Streptococcal infections
942 ## - ADDED ENTRY ELEMENTS (KOHA)
Koha item type General Collections
Holdings
Withdrawn status Lost status Damaged status Not for loan Home library Current library Date acquired Total Checkouts Barcode Date last seen Price effective from
        Tribhuvan University Central Library Tribhuvan University Central Library 06/20/2010   118084 06/20/2010 06/20/2010